000 00456nam a2200169 i 4500
001 C2-0283140
003 PPAK
005 20180729000629.0
008 071112s2006 my |||| ||||| | eng d
040 _aPPAK
_beng
_cPPAK
_erda
245 0 0 _aWhat's that?
_bTeletubbies
264 1 _aKuala Lumpur :
_bMotion Planet Production ,
_c2006
336 _2rdacontent
_atext
337 _2rdamedia
_aunmediated
338 _2rdacarrier
_avolume
942 _2ddc
_cVCD
999 _c165467
_d165467